<?xml version="1.0" encoding="UTF-8"?><?xml-stylesheet type="text/xsl" href="static/style.xsl"?><OAI-PMH xmlns="http://www.openarchives.org/OAI/2.0/" xmlns:xsi="http://www.w3.org/2001/XMLSchema-instance" xsi:schemaLocation="http://www.openarchives.org/OAI/2.0/ http://www.openarchives.org/OAI/2.0/OAI-PMH.xsd"><responseDate>2026-04-17T21:31:04Z</responseDate><request verb="GetRecord" identifier="oai:www.recercat.cat:10256/21612" metadataPrefix="marc">https://recercat.cat/oai/request</request><GetRecord><record><header><identifier>oai:recercat.cat:10256/21612</identifier><datestamp>2024-06-18T12:07:25Z</datestamp><setSpec>com_2072_452955</setSpec><setSpec>com_2072_2054</setSpec><setSpec>col_2072_453062</setSpec></header><metadata><record xmlns="http://www.loc.gov/MARC21/slim" xmlns:dcterms="http://purl.org/dc/terms/" xmlns:xsi="http://www.w3.org/2001/XMLSchema-instance" xmlns:doc="http://www.lyncode.com/xoai" xsi:schemaLocation="http://www.loc.gov/MARC21/slim http://www.loc.gov/standards/marcxml/schema/MARC21slim.xsd">
   <leader>00925njm 22002777a 4500</leader>
   <datafield ind2=" " ind1=" " tag="042">
      <subfield code="a">dc</subfield>
   </datafield>
   <datafield ind2=" " ind1=" " tag="720">
      <subfield code="a">Botti, Alberto</subfield>
      <subfield code="e">author</subfield>
   </datafield>
   <datafield ind2=" " ind1=" " tag="720">
      <subfield code="a">Pous Rodríguez, Narcís</subfield>
      <subfield code="e">author</subfield>
   </datafield>
   <datafield ind2=" " ind1=" " tag="720">
      <subfield code="a">Cheng, Hao-Yi</subfield>
      <subfield code="e">author</subfield>
   </datafield>
   <datafield ind2=" " ind1=" " tag="720">
      <subfield code="a">Colprim Galceran, Jesús</subfield>
      <subfield code="e">author</subfield>
   </datafield>
   <datafield ind2=" " ind1=" " tag="720">
      <subfield code="a">Zanaroli, Giulio</subfield>
      <subfield code="e">author</subfield>
   </datafield>
   <datafield ind2=" " ind1=" " tag="720">
      <subfield code="a">Puig Broch, Sebastià</subfield>
      <subfield code="e">author</subfield>
   </datafield>
   <datafield ind2=" " ind1=" " tag="260">
      <subfield code="c">2023-01-01</subfield>
   </datafield>
   <datafield ind2=" " ind1=" " tag="520">
      <subfield code="a">Economic options to retrofit wastewater treatment plants (WWTPs) without tertiary treatments need to be explored. In this regard, bioelectrochemical systems (BES) can be hybridized with existing technologies, upgrading the removal performance of original techniques while avoiding replacement costs. Yet, few demonstrations of merged systems have been given. For the first time, in this work it was built a lab-scale model of a BES merged with a secondary settler, namely e-settler, to enhance the polishing performance of already existing WWTPs. In particular, to concomitantly increase nitrogen removal and perform wastewater (WW) disinfection, avoiding further tertiary treatments. In the e-settlers, nitrogen removal was increased through bioelectrochemical stimulation. Concomitant ammonium and nitrate removal without nitrite accumulation and a negligible amount of nitrous oxide emissions were observed. Ti-MMO as anode material showed a high disinfectant action. In conclusion, it was demonstrated how a simple bioelectrochemical set-up can upgrade existing WWTPs. The following step requires the study at a larger scale, identifying optimal operational and structural parameters for the in-situ application. The main limitations of the e-settlers were discussed, linking them to possible solutions that need to be deepened in a lab-scale model of conventional secondary treatments (activated sludge followed by secondary settler)</subfield>
   </datafield>
   <datafield ind2=" " ind1=" " tag="520">
      <subfield code="a">This work was funded through: the ELECTRA project [grant agreement no. 826244], which was financially supported by the Horizon 2020 programme of the European Union; the NSFC-EU Environmental Biotechnology joint program (No. 31861133001); the Key Research and Development Project of Shandong Province (No. 2020CXGC011202). S.P is a Serra Húnter Fellow (UdG-AG-575) and acknowledges the funding from the ICREA Academia award. LEQUiA [2017-SGR-1552] has been recognized as consolidated research group by the Catalan Government</subfield>
   </datafield>
   <datafield ind2=" " ind1=" " tag="520">
      <subfield code="a">Open Access funding provided thanks to the CRUE-CSIC agreement with Elsevier</subfield>
   </datafield>
   <datafield ind1="8" ind2=" " tag="024">
      <subfield code="a">http://hdl.handle.net/10256/21612</subfield>
   </datafield>
   <datafield tag="653" ind2=" " ind1=" ">
      <subfield code="a">Aigües residuals -- Plantes de tractament</subfield>
   </datafield>
   <datafield tag="653" ind2=" " ind1=" ">
      <subfield code="a">Sewage disposal plants</subfield>
   </datafield>
   <datafield tag="653" ind2=" " ind1=" ">
      <subfield code="a">Aigües residuals -- Depuració -- Desnitrificació</subfield>
   </datafield>
   <datafield tag="653" ind2=" " ind1=" ">
      <subfield code="a">Sewage -- Purification -- Nitrogen removal</subfield>
   </datafield>
   <datafield ind2="0" ind1="0" tag="245">
      <subfield code="a">Electrifying secondary settlers to enhance nitrogen and pathogens removals</subfield>
   </datafield>
</record></metadata></record></GetRecord></OAI-PMH>